Echeverría tesis y acción.

Gespeichert in:
Bibliographische Detailangaben
Körperschaft: México. Presidencia de la República Secretaría de la Presidencia
Format: Buch
Sprache:Spanisch
Schlagworte:
Tags: Tag hinzufügen
Keine Tags, Fügen Sie das erste Tag hinzu!

MARC

LEADER 00000cam^a2200000uu^4500
001 000487313
005 20250521000000.0
008 030110s1975^^^^^^^^^^^^rd^r^^000^0^spa^d
009 20260310125241.123
035 |a FCE 000030479 
035 |a FCE 034166 
037 |a Acervo ITESO - Biblioteca 
041 |a spa 
082 0 4 |a 320.972  |b MEXe 1975 
110 |a México. Presidencia de la República  |b Secretaría de la Presidencia 
245 1 0 |a Echeverría tesis y acción. 
264 |a México :  |b Secretaría de la Presidencia,  |c 1975. 
300 |a 55 p. 
336 |a texto  |b txt  |2 rdacontenido 
337 |a sin mediación  |b n  |2 rdamedio 
338 |a volumen  |b nc  |2 rdasoporte 
649 |a XX 
650 |a Echeverría Álvarez, Luis 
650 |a Gobierno 
910 |a Fondo Centro de Estudios Educativos 
920 |a Impresos - Libros 
930 |a Fondos Especiales 
905 |a 133 
901 |a ALE034166  |b IT2  |c CEE  |u 20250521 
902 |a https://opac.biblio.iteso.mx/vufind/Record/000487313